000
00290nam a2200121Ia 4500
008
191201s2009 xx 000 0 und d
100
_a
KANETKAR,Yashavant P.
245
0
_a
C Pearls
260
_a
N. Delhi
_b
BPB Publication
_c
2009
300
_a
291
650
_a
M.Tech (ECE)
942
_2
ddc
_c
BK
999
_c
6695
_d
6695